Great tales and poems
Compilación de los mejores cuentos y poemas del escritor Edgar Allan Poe, este volumen contiene sus obras maestras de misterio, terror, humor y aventuras, que incluyen historias como El corazón delator, El barril de amontillado, El gato negro, La máscara de la muerte roja, Los asesinatos en la Rue....
Gardado en:
| Autor Principal: | |
|---|---|
| Formato: | Libro |
| Idioma: | Undetermined |
| Publicado: |
New York, Estados Unidos
Square Press
1961
|
| Materias: | |
| Etiquetas: |
Engadir etiqueta
Sen Etiquetas, Sexa o primeiro en etiquetar este rexistro!
|
MARC
| LEADER | 00000nam a2200000Ia 4500 | ||
|---|---|---|---|
| 008 | 170316s9999 xx 000 0 und d | ||
| 040 | |a cru BVZT | ||
| 090 | |a 810 P-15g | ||
| 100 | |a Poe, Edgar Allan |9 706 | ||
| 245 | |a Great tales and poems |c / Edgar Allan Poe | ||
| 260 | |a New York, Estados Unidos | ||
| 260 | |b Square Press | ||
| 260 | |c 1961 | ||
| 300 | |a 432 páginas | ||
| 520 | |a Compilación de los mejores cuentos y poemas del escritor Edgar Allan Poe, este volumen contiene sus obras maestras de misterio, terror, humor y aventuras, que incluyen historias como El corazón delator, El barril de amontillado, El gato negro, La máscara de la muerte roja, Los asesinatos en la Rue. Morgue y The Pit and the Pendulum, y su mejor poesía lírica y narrativa, The Raven y Annabel Lee. | ||
| 650 | |a LITERATURA ESTADOUNIDENSE |9 25 | ||
| 650 | |a CUENTOS |9 271 | ||
| 650 | |a POEMAS |9 404 | ||
| 650 | |a EN IDIOMA INGLÉS |9 129 | ||
| 999 | |c 6033 |d 6033 | ||
| 942 | |c 15 D |h 810 P-15g |2 z | ||
